[Event "2nd Serbia Open Masters 2022"]
[Site "Novi Sad"]
[Date "2022.07.04"]
[Round "7.52"]
[White "Mamedov, Edgar"]
[Black "Assaubayeva, Bibisara"]
[Result "0-1"]
[WhiteElo "2004"]
[BlackElo "2439"]
[Annotator "TA"]
[PlyCount "126"]
[EventDate "2022.06.28"]
[EventType "swiss"]
[EventCountry "SRB"]
[SourceTitle "playchess.com"]
[Source "ChessBase"]
[SourceQuality "1"]

1. d4 Nf6 2. c4 g6 3. Nc3 Bg7 4. e4 d6 5. h3 O-O 6. Be3 Nbd7 7. Nf3 e5 8. d5 Nc5 9. Nd2 a5 10. g4 Bd7 11. Be2 a4 12. a3 c6 13. h4 cxd5 14. cxd5 b5 15. h5 Rb8 16. f3 b4 17. axb4 Rxb4 18. Rb1 Qb8 19. Qc2 Rc8 20. Kf2 Nb3 21. Nxb3 Rxb3 22. h6 Bf8 23. Rhc1 a3 24. Bd1 Rxb2 25. Rxb2 Qxb2 26. Bd2 Bxg4 27. Qxb2 axb2 28. Rb1 Bd7 29. Rxb2 Be8 30. Ba4 Bxa4 31. Nxa4 Ne8 32. Rb7 f6 33. Nc3 Rc7 34. Rb8 Kf7 35. Nb5 Rd7 36. Be3 f5 37. Na7 Bxh6 38. Nc6 Bxe3+ 39. Kxe3 Ng7 40. f4 exf4+ 41. Kxf4 Nh5+ 42. Kf3 fxe4+ 43. Kxe4 Nf6+ 44. Kd4 g5 45. Nd8+ Kg6 46. Ne6 Ra7 47. Rb6 Ra4+ 48. Kd3 Ra5 49. Rxd6 Rxd5+ 50. Rxd5 Nxd5 51. Ke4 Nf6+ 52. Kf3 h5 53. Nd4 h4 54. Ne6 g4+ 55. Kf4 h3 56. Kg3 Nh5+ 57. Kh2 Kf5 58. Nd4+ Kg5 59. Ne2 Kh4 60. Nd4 g3+ 61. Kh1 Kg4 62. Ne2 Nf4 63. Ng1 Nd3 0-1

[Event "2nd Serbia Open Masters 2022"]
[Site "Novi Sad"]
[Date "2022.07.05"]
[Round "8.1"]
[White "Aryan Chopra"]
[Black "Ioannidis, Evgenios"]
[Result "1/2-1/2"]
[WhiteElo "2609"]
[BlackElo "2459"]
[Annotator "TA"]
[PlyCount "61"]
[EventDate "2022.06.28"]
[EventType "swiss"]
[EventCountry "SRB"]
[SourceTitle "playchess.com"]
[Source "ChessBase"]
[SourceQuality "1"]

1. e4 e6 2. d4 d5 3. Nc3 Nf6 4. e5 Nfd7 5. f4 c5 6. Nf3 Nc6 7. Be3 cxd4 8. Nxd4 Qb6 9. Qd2 Qxb2 10. Rb1 Qa3 11. Bb5 Nxd4 12. Bxd4 a6 13. Bxd7+ Bxd7 14. Rb3 Qe7 15. Rxb7 Qd8 16. O-O Qc8 17. Rfb1 Bc5 18. f5 Bb5 19. Nxb5 axb5 20. R7xb5 Bxd4+ 21. Qxd4 O-O 22. R1b2 Qa6 23. h3 Qa7 24. c3 h5 25. Rb7 Qxd4+ 26. cxd4 h4 27. Re7 exf5 28. Rbb7 Rxa2 29. e6 g6 30. Rbd7 Ra6 31. exf7+ 1/2-1/2

[Event "2nd Serbia Open Masters 2022"]
[Site "Novi Sad"]
[Date "2022.07.05"]
[Round "8.2"]
[White "Sarana, Alexey"]
[Black "Can, Emre"]
[Result "1/2-1/2"]
[WhiteElo "2675"]
[BlackElo "2599"]
[Annotator "TA"]
[PlyCount "43"]
[EventDate "2022.06.28"]
[EventType "swiss"]
[EventCountry "SRB"]
[SourceTitle "playchess.com"]
[Source "ChessBase"]
[SourceQuality "1"]

1. e4 c5 2. Nf3 d6 3. d4 cxd4 4. Nxd4 Nf6 5. Nc3 a6 6. Be3 e5 7. Nb3 Be6 8. Qd2 Nbd7 9. f4 Qc7 10. O-O-O b5 11. Kb1 Be7 12. a3 Rb8 13. f5 Bc4 14. g4 h6 15. g5 hxg5 16. Bxg5 a5 17. Bd3 Rh3 18. Qg2 Rxd3 19. Rxd3 Bxd3 20. cxd3 b4 21. axb4 axb4 22. Na2 1/2-1/2

[Event "2nd Serbia Open Masters 2022"]
[Site "Novi Sad"]
[Date "2022.07.05"]
[Round "8.3"]
[White "Puranik, Abhimanyu"]
[Black "Indjic, Aleksandar"]
[Result "0-1"]
[WhiteElo "2608"]
[BlackElo "2621"]
[Annotator "TA"]
[PlyCount "80"]
[EventDate "2022.06.28"]
[EventType "swiss"]
[EventCountry "SRB"]
[SourceTitle "playchess.com"]
[Source "ChessBase"]
[SourceQuality "1"]

1. Nf3 d5 2. g3 Nf6 3. Bg2 e6 4. d4 b5 5. a4 b4 6. c4 bxc3 7. Nxc3 a5 8. O-O Ba6 9. Qc2 c6 10. Ne5 Nfd7 11. Nd3 Qb6 12. e4 Bd6 13. Be3 O-O 14. f4 Bc4 15. e5 Bc7 16. b3 Bxb3 17. Qd2 Bc4 18. f5 c5 19. Nb5 Nc6 20. dxc5 Qb8 21. Rab1 Ndxe5 22. Nxe5 Bxe5 23. Nd6 Qc7 24. Nxc4 dxc4 25. fxe6 Rad8 26. exf7+ Kh8 27. Qc2 c3 28. Kh1 Nb4 29. Qf5 Rd7 30. Be4 g6 31. Qg5 Rdxf7 32. Rxf7 Rxf7 33. Kg2 Bf6 34. Qg4 Re7 35. Rf1 Qe5 36. c6 Kg7 37. Kf3 Nxc6 38. Rd1 c2 39. Rd7 c1=Q 40. Bxc1 Qc3+ 0-1

[Event "2nd Serbia Open Masters 2022"]
[Site "Novi Sad"]
[Date "2022.07.05"]
[Round "8.4"]
[White "Motylev, Alexander"]
[Black "Aditya Mittal"]
[Result "1/2-1/2"]
[WhiteElo "2633"]
[BlackElo "2490"]
[Annotator "TA"]
[PlyCount "23"]
[EventDate "2022.06.28"]
[EventType "swiss"]
[EventCountry "SRB"]
[SourceTitle "playchess.com"]
[Source "ChessBase"]
[SourceQuality "1"]

1. e4 c5 2. Nc3 d6 3. Bb5+ Bd7 4. Bxd7+ Qxd7 5. d4 cxd4 6. Qxd4 Nc6 7. Qd3 Nf6 8. Nf3 e6 9. Bf4 a6 10. O-O-O Rd8 11. Rd2 Be7 12. Rhd1 1/2-1/2

[Event "2nd Serbia Open Masters 2022"]
[Site "Novi Sad"]
[Date "2022.07.05"]
[Round "8.5"]
[White "Adhiban, B.."]
[Black "Pranav Anand"]
[Result "1-0"]
[WhiteElo "2616"]
[BlackElo "2479"]
[Annotator "TA"]
[PlyCount "113"]
[EventDate "2022.06.28"]
[EventType "swiss"]
[EventCountry "SRB"]
[SourceTitle "playchess.com"]
[Source "ChessBase"]
[SourceQuality "1"]

1. d4 d5 2. c4 e6 3. Nc3 c6 4. Nf3 Nf6 5. Bg5 Nbd7 6. cxd5 exd5 7. e3 h6 8. Bh4 g5 9. Bg3 Nh5 10. Bd3 Nxg3 11. hxg3 Bg7 12. Rc1 Qe7 13. O-O O-O 14. e4 dxe4 15. Nxe4 Nf6 16. Nc5 Bg4 17. Re1 Qc7 18. Qb3 Bxf3 19. gxf3 Rad8 20. Qxb7 Qxb7 21. Nxb7 Rxd4 22. Bc4 Re8 23. Na5 Rxe1+ 24. Rxe1 Bf8 25. Rc1 Rd2 26. Nxc6 Rxb2 27. Ne5 Rb7 28. Nxf7 Rxf7 29. Bxf7+ Kxf7 30. Rc7+ Ke6 31. Rxa7 h5 32. Ra5 Nd5 33. Kg2 Be7 34. Ra6+ Bd6 35. Ra8 Kd7 36. Rh8 Nf6 37. a4 Kc7 38. Rh6 Be7 39. Rg6 g4 40. f4 Kb6 41. Rg5 Bd8 42. Re5 Ka6 43. a5 Kb7 44. Re6 h4 45. gxh4 Nh5 46. f5 Bxh4 47. Rh6 Nf4+ 48. Kf1 Bd8 49. a6+ Ka7 50. f6 Ne6 51. f7 Nf8 52. Rc6 Ba5 53. Kg2 Bb4 54. Kg3 Be1 55. Kxg4 Bxf2 56. Rc8 Nh7 57. Kf5 1-0

[Event "2nd Serbia Open Masters 2022"]
[Site "Novi Sad"]
[Date "2022.07.05"]
[Round "8.6"]
[White "Srbis, Jurica"]
[Black "Demchenko, Anton"]
[Result "1/2-1/2"]
[WhiteElo "2451"]
[BlackElo "2654"]
[Annotator "TA"]
[PlyCount "101"]
[EventDate "2022.06.28"]
[EventType "swiss"]
[EventCountry "SRB"]
[SourceTitle "playchess.com"]
[Source "ChessBase"]
[SourceQuality "1"]

1. Nf3 Nf6 2. b3 g6 3. Bb2 Bg7 4. g3 c5 5. c4 d6 6. Bg2 e5 7. O-O O-O 8. d3 Nc6 9. Nc3 h6 10. Nd2 Nh7 11. Nd5 Be6 12. a3 Qd7 13. e3 Rad8 14. b4 f5 15. Qa4 Rf7 16. f4 exf4 17. Bxg7 f3 18. Nxf3 Kxg7 19. Nf4 Nf6 20. Nh4 Ne7 21. Nxe6+ Qxe6 22. Rae1 g5 23. Nf3 Nc6 24. bxc5 dxc5 25. d4 Qd6 26. d5 Ne7 27. Qxa7 Ng6 28. Rb1 b5 29. Qa5 bxc4 30. Nd2 Nxd5 31. Nxc4 Qe7 32. Rbd1 Nc7 33. Rxd8 Qxd8 34. Qxc5 f4 35. exf4 gxf4 36. Be4 Ne6 37. Qd6 Qxd6 38. Nxd6 Ra7 39. Bxg6 Kxg6 40. gxf4 Nd4 41. Ra1 Ra6 42. Nc4 Kf5 43. a4 Kxf4 44. a5 Ke4 45. Ra3 Nc6 46. Nd6+ Kd4 47. Nf5+ Ke4 48. Nd6+ Kd4 49. Nf5+ Ke4 50. Nxh6 Rxa5 51. Rxa5 1/2-1/2

[Event "2nd Serbia Open Masters 2022"]
[Site "Novi Sad"]
[Date "2022.07.05"]
[Round "8.7"]
[White "Neelash Saha"]
[Black "Sanal, Vahap"]
[Result "1-0"]
[WhiteElo "2439"]
[BlackElo "2575"]
[Annotator "TA"]
[PlyCount "169"]
[EventDate "2022.06.28"]
[EventType "swiss"]
[EventCountry "SRB"]
[SourceTitle "playchess.com"]
[Source "ChessBase"]
[SourceQuality "1"]

1. e4 e5 2. Nf3 Nc6 3. Bc4 Bc5 4. O-O Nf6 5. d3 d6 6. c3 a5 7. Re1 O-O 8. h3 h6 9. a4 Be6 10. Bxe6 fxe6 11. Be3 Bxe3 12. Rxe3 Qe8 13. Nbd2 Nh5 14. Qf1 Qe7 15. Nh2 Rf7 16. Ndf3 Raf8 17. Rd1 Nf4 18. g3 Nh5 19. Rd2 Nf6 20. Qd1 g6 21. Kg2 Kg7 22. Qb3 Rb8 23. d4 Nd7 24. Qb5 Qe8 25. Ng4 h5 26. Ngh2 Re7 27. b3 Ra8 28. Ng5 exd4 29. cxd4 e5 30. d5 Nd8 31. Nhf3 Nc5 32. Qe2 Ra6 33. Rc2 Rb6 34. Rcc3 Rb4 35. Ne1 Nf7 36. Ngf3 Rb6 37. Qc2 Ra6 38. Nd3 b6 39. Qe2 Ra8 40. Nd2 Qd7 41. Nf3 Rf8 42. Nxc5 bxc5 43. Qa6 Ree8 44. Qxa5 Ra8 45. Qb5 Qxb5 46. axb5 Rfb8 47. b4 Rxb5 48. bxc5 dxc5 49. Rc2 Kf8 50. Rec3 Ra4 51. Rxc5 Rxc5 52. Rxc5 Rxe4 53. Rxc7 Ra4 54. Rc6 Ra5 55. Rxg6 Rxd5 56. Re6 Ra5 57. Nh4 Ra2 58. Nf5 Ra5 59. Rb6 Ng5 60. Rf6+ Ke8 61. h4 Ne4 62. Nd6+ Nxd6 63. Rxd6 Kf7 64. Rh6 e4 65. Kf1 e3 66. fxe3 Kg7 67. Rd6 Ra2 68. Rd5 Kg6 69. Rg5+ Kh6 70. Rf5 Kg6 71. Rf2 Ra1+ 72. Kg2 Re1 73. Kf3 Kf5 74. Ra2 Rf1+ 75. Kg2 Rb1 76. Ra5+ Kg6 77. Rg5+ Kh6 78. Kf3 Rf1+ 79. Ke4 Rf8 80. Rf5 Ra8 81. Kf4 Ra1 82. e4 Rf1+ 83. Ke5 Ra1 84. Rg5 Rb1 85. Kf5 1-0

[Event "2nd Serbia Open Masters 2022"]
[Site "Novi Sad"]
[Date "2022.07.05"]
[Round "8.8"]
[White "Injac, Teodora"]
[Black "Harsha Bharathakoti"]
[Result "0-1"]
[WhiteElo "2384"]
[BlackElo "2547"]
[Annotator "TA"]
[PlyCount "116"]
[EventDate "2022.06.28"]
[EventType "swiss"]
[EventCountry "SRB"]
[SourceTitle "playchess.com"]
[Source "ChessBase"]
[SourceQuality "1"]

1. Nf3 d5 2. g3 Nf6 3. Bg2 c5 4. O-O e6 5. c4 d4 6. e3 Nc6 7. exd4 cxd4 8. d3 Bd6 9. Bg5 h6 10. Bxf6 Qxf6 11. Nbd2 Qe7 12. a3 a5 13. Ne4 Bc7 14. b4 axb4 15. axb4 Rxa1 16. Qxa1 f5 17. Nc5 O-O 18. Rb1 e5 19. Nh4 Kh7 20. Na6 Bd8 21. b5 Na5 22. Nb4 Qd6 23. Nd5 b6 24. Nf3 Be6 25. Re1 Bxd5 26. cxd5 Bf6 27. Qc1 g6 28. h4 Kg7 29. Qc2 Rf7 30. Qc8 Re7 31. Nd2 Qb4 32. Qc2 Qc3 33. Qa2 Nb7 34. Rb1 Nd6 35. Nc4 Nxc4 36. Qxc4 Qxc4 37. dxc4 Rc7 38. d6 Rxc4 39. Bc6 d3 40. Rd1 e4 41. Kf1 Kf8 42. f3 Be5 43. fxe4 fxe4 44. d7 Ke7 45. Re1 d2 46. Rd1 Rc1 47. Ke2 e3 48. g4 g5 49. hxg5 hxg5 50. Rh1 Kd8 51. Rd1 Bg3 52. Bf3 Bf2 53. Bc6 Kc7 54. Bd5 Kxd7 55. Bb3 Kd6 56. Bf7 Ke5 57. Bb3 Kf4 58. Be6 Rxd1 0-1

[Event "2nd Serbia Open Masters 2022"]
[Site "Novi Sad"]
[Date "2022.07.05"]
[Round "8.9"]
[White "Ohanyan, Emin"]
[Black "Suleymanli, Aydin"]
[Result "0-1"]
[WhiteElo "2366"]
[BlackElo "2537"]
[Annotator "TA"]
[PlyCount "72"]
[EventDate "2022.06.28"]
[EventType "swiss"]
[EventCountry "SRB"]
[SourceTitle "playchess.com"]
[Source "ChessBase"]
[SourceQuality "1"]

1. d4 Nf6 2. c4 e6 3. Nf3 d5 4. Nc3 Nbd7 5. Bf4 dxc4 6. e3 Nd5 7. Bxc4 Nxf4 8. exf4 Nb6 9. Bb3 g6 10. O-O Bg7 11. Ne5 O-O 12. Re1 a5 13. Rc1 c6 14. a3 Nd5 15. g3 Nxc3 16. bxc3 Qd6 17. a4 Bd7 18. c4 Rfd8 19. c5 Qc7 20. Nc4 Be8 21. Nb6 Ra6 22. Re4 Rxb6 23. cxb6 Qxb6 24. Rb1 Bxd4 25. Qc2 Qa7 26. Bc4 Kg7 27. Kf1 Bf6 28. Qb3 Rb8 29. g4 b5 30. f5 Rd8 31. axb5 cxb5 32. Bxb5 Qb7 33. Qc4 Rd1+ 34. Kg2 Rd4 35. Bxe8 Qxe4+ 36. f3 Qxb1 0-1

[Event "2nd Serbia Open Masters 2022"]
[Site "Novi Sad"]
[Date "2022.07.05"]
[Round "8.10"]
[White "Kushagra Mohan"]
[Black "Zanan, Evgeny"]
[Result "0-1"]
[WhiteElo "2343"]
[BlackElo "2534"]
[Annotator "TA"]
[PlyCount "104"]
[EventDate "2022.06.28"]
[EventType "swiss"]
[EventCountry "SRB"]
[SourceTitle "playchess.com"]
[Source "ChessBase"]
[SourceQuality "1"]

1. e4 e5 2. Nf3 Nc6 3. Bc4 Nf6 4. d4 exd4 5. e5 d5 6. Bb5 Nd7 7. O-O Be7 8. Bxc6 bxc6 9. Nxd4 Nb8 10. Nc3 O-O 11. Qf3 a5 12. Re1 a4 13. a3 Ra6 14. Nf5 Bxf5 15. Qxf5 Nd7 16. Be3 g6 17. Qf4 Ra5 18. Rad1 Re8 19. Nxa4 Bf8 20. Bd2 Ra8 21. Bc3 Bg7 22. b3 Re6 23. Qc1 Bxe5 24. Bxe5 Rxe5 25. Rxe5 Nxe5 26. Re1 Qd6 27. Qa1 Ng4 28. g3 d4 29. Qd1 Ne5 30. f4 Nc4 31. Re4 c5 32. bxc4 Rxa4 33. Re8+ Kg7 34. Qd3 Ra6 35. f5 Qf6 36. fxg6 hxg6 37. Re1 Ra4 38. Qb3 Qa6 39. Qb8 Qb6 40. Qe8 Rxc4 41. Re7 Qf6 42. Re2 Rc3 43. a4 Ra3 44. Rf2 Qe6 45. Qb5 c4 46. Qc5 Ra1+ 47. Kg2 Qe4+ 48. Kh3 Rxa4 49. Rf4 Qe6+ 50. Kg2 c3 51. Rxd4 Qe2+ 52. Kh3 Qf1+ 0-1

[Event "2nd Serbia Open Masters 2022"]
[Site "Novi Sad"]
[Date "2022.07.05"]
[Round "8.11"]
[White "Budisavljevic, Luka"]
[Black "Parkhov, Yair"]
[Result "1-0"]
[WhiteElo "2507"]
[BlackElo "2460"]
[Annotator "TA"]
[PlyCount "69"]
[EventDate "2022.06.28"]
[EventType "swiss"]
[EventCountry "SRB"]
[SourceTitle "playchess.com"]
[Source "ChessBase"]
[SourceQuality "1"]

1. d4 Nf6 2. Nf3 g6 3. Bf4 Bg7 4. e3 O-O 5. Be2 d6 6. h3 Qe8 7. c3 Nfd7 8. Bh2 e5 9. O-O Nc6 10. Nbd2 a5 11. a4 f5 12. Rb1 Qe7 13. Nc4 g5 14. b4 e4 15. Nfd2 d5 16. Nxa5 Nxa5 17. bxa5 c6 18. c4 Rxa5 19. Bc7 Ra8 20. cxd5 cxd5 21. Rb5 Nf6 22. Be5 Qa3 23. Nb1 Qxa4 24. Qxa4 Rxa4 25. Nc3 Ra3 26. Nxd5 Nxd5 27. Bd6 Ra8 28. Bc4 Re8 29. Bxd5+ Be6 30. Bxb7 Rad8 31. Bc7 Bc4 32. Rxf5 Bxf1 33. Bxd8 Bxg2 34. Kxg2 Rxd8 35. Rxg5 1-0

[Event "2nd Serbia Open Masters 2022"]
[Site "Novi Sad"]
[Date "2022.07.05"]
[Round "8.12"]
[White "Muradli, Mahammad"]
[Black "Arnaudov, G. Petar"]
[Result "1/2-1/2"]
[WhiteElo "2539"]
[BlackElo "2467"]
[Annotator "TA"]
[PlyCount "38"]
[EventDate "2022.06.28"]
[EventType "swiss"]
[EventCountry "SRB"]
[SourceTitle "playchess.com"]
[Source "ChessBase"]
[SourceQuality "1"]

1. Nf3 Nf6 2. c4 e6 3. g3 b6 4. Bg2 Bb7 5. O-O Be7 6. Nc3 O-O 7. Re1 Ne4 8. Nxe4 Bxe4 9. d3 Bb7 10. e4 c5 11. d4 cxd4 12. Nxd4 Nc6 13. e5 Qc8 14. Nb5 Na5 15. b3 Bxg2 16. Kxg2 a6 17. Nd4 Nc6 18. Bb2 f6 19. exf6 Bxf6 1/2-1/2

[Event "2nd Serbia Open Masters 2022"]
[Site "Novi Sad"]
[Date "2022.07.05"]
[Round "8.13"]
[White "Stremavicius, Titas"]
[Black "Sturt, Raven"]
[Result "0-1"]
[WhiteElo "2508"]
[BlackElo "2438"]
[Annotator "TA"]
[PlyCount "76"]
[EventDate "2022.06.28"]
[EventType "swiss"]
[EventCountry "SRB"]
[SourceTitle "playchess.com"]
[Source "ChessBase"]
[SourceQuality "1"]

1. c4 c6 2. d4 d5 3. cxd5 cxd5 4. Bf4 Nf6 5. Nc3 Nc6 6. e3 a6 7. Be2 Bf5 8. g4 Be4 9. f3 Bg6 10. h4 h6 11. Bd3 Bxd3 12. Qxd3 e6 13. Nge2 Be7 14. Kf2 Nd7 15. Bg3 Nb6 16. Rac1 Nc4 17. Rb1 Rc8 18. Qd1 b5 19. b3 Nb6 20. Rc1 O-O 21. g5 h5 22. Nb1 Bd6 23. Nf4 g6 24. Qd2 e5 25. dxe5 Bxe5 26. Kg2 d4 27. Rhd1 Bxf4 28. Bxf4 Nd5 29. exd4 b4 30. Re1 Qd7 31. Bg3 Nce7 32. Rc5 Nf5 33. Bf2 Qd6 34. Re4 Rce8 35. Re5 Qxc5 36. dxc5 Rxe5 37. f4 Re2 38. Qc1 Rc2 0-1

[Event "2nd Serbia Open Masters 2022"]
[Site "Novi Sad"]
[Date "2022.07.05"]
[Round "8.14"]
[White "Sadikhov, Ulvi"]
[Black "Babazada, Khazar"]
[Result "1-0"]
[WhiteElo "2491"]
[BlackElo "2431"]
[Annotator "TA"]
[PlyCount "87"]
[EventDate "2022.06.28"]
[EventType "swiss"]
[EventCountry "SRB"]
[SourceTitle "playchess.com"]
[Source "ChessBase"]
[SourceQuality "1"]

1. c4 e5 2. Nc3 Nf6 3. Nf3 Nc6 4. g3 Bb4 5. Bg2 O-O 6. O-O Bxc3 7. bxc3 e4 8. Nd4 Re8 9. d3 h6 10. c5 exd3 11. Qxd3 Ne5 12. Qb5 c6 13. Qb3 d5 14. cxd6 Qxd6 15. Ba3 Qc7 16. e4 c5 17. Nb5 Qb6 18. c4 Be6 19. Rac1 Nc6 20. Qe3 Bxc4 21. Rxc4 Qxb5 22. Rxc5 Qa4 23. f3 Rad8 24. Rcc1 Ne5 25. Qb3 Qxb3 26. axb3 Rd3 27. f4 Nc6 28. e5 Rxb3 29. Bd6 Ng4 30. Rb1 Rd3 31. Rxb7 Nd4 32. Be4 Rd2 33. Bc5 Ne2+ 34. Kh1 Nd4 35. Bxd4 Rxd4 36. Bf3 Ne3 37. Rc1 g5 38. Bh5 Rf8 39. Rcc7 gxf4 40. e6 fxg3 41. Rxf7 g2+ 42. Kg1 Rxf7 43. exf7+ Kg7 44. Rb8 1-0

[Event "2nd Serbia Open Masters 2022"]
[Site "Novi Sad"]
[Date "2022.07.05"]
[Round "8.15"]
[White "Shahil Dey"]
[Black "Koustav Chatterjee"]
[Result "0-1"]
[WhiteElo "2369"]
[BlackElo "2485"]
[Annotator "TA"]
[PlyCount "88"]
[EventDate "2022.06.28"]
[EventType "swiss"]
[EventCountry "SRB"]
[SourceTitle "playchess.com"]
[Source "ChessBase"]
[SourceQuality "1"]

1. e4 e5 2. Nf3 Nc6 3. Bc4 Bc5 4. O-O Nf6 5. d3 d6 6. c3 a5 7. Bg5 h6 8. Bh4 Ba7 9. Re1 Ne7 10. d4 Ng6 11. Bg3 Qe7 12. Qa4+ Bd7 13. Qxa5 O-O 14. Qb4 Nh5 15. Nbd2 b5 16. Bf1 c5 17. Qb3 c4 18. Qd1 Bg4 19. h3 Bxf3 20. Nxf3 Nxg3 21. fxg3 exd4 22. Nxd4 Qe5 23. Kh2 Qc5 24. Be2 Rfe8 25. Rf1 b4 26. Nf5 bxc3 27. bxc3 Rxe4 28. Bh5 d5 29. Qd2 Ne5 30. Rad1 Rd8 31. Rf4 Rxf4 32. Qxf4 Bb8 33. Rf1 Qf8 34. Nd4 g6 35. Be2 Nc6 36. Qf2 Nxd4 37. Qxd4 Qe7 38. Bf3 Qg5 39. Qg4 Qe5 40. Qh4 g5 41. Qxh6 Qxg3+ 42. Kg1 Re8 43. Bxd5 Qh2+ 44. Kf2 Ba7+ 0-1

[Event "2nd Serbia Open Masters 2022"]
[Site "Novi Sad"]
[Date "2022.07.05"]
[Round "8.16"]
[White "Karthik Venkataraman"]
[Black "Tsolakidou, Stavroula"]
[Result "1/2-1/2"]
[WhiteElo "2480"]
[BlackElo "2358"]
[Annotator "TA"]
[PlyCount "80"]
[EventDate "2022.06.28"]
[EventType "swiss"]
[EventCountry "SRB"]
[SourceTitle "playchess.com"]
[Source "ChessBase"]
[SourceQuality "1"]

1. e4 e5 2. Nf3 Nc6 3. Bb5 a6 4. Ba4 Nf6 5. O-O b5 6. Bb3 Bb7 7. Re1 Bc5 8. c3 O-O 9. d4 Bb6 10. h3 d6 11. Be3 exd4 12. cxd4 Na5 13. d5 Bxe3 14. Rxe3 Nxb3 15. Qxb3 c6 16. dxc6 Bxc6 17. Nc3 Re8 18. Rae1 Qb6 19. Qb4 Qc5 20. Qxc5 dxc5 21. e5 Nd5 22. Nxd5 Bxd5 23. Rc1 Rac8 24. Ne1 Bxa2 25. Ra1 Be6 26. Rxa6 Red8 27. Rb6 b4 28. Rd3 b3 29. Rdd6 Re8 30. Nd3 Bf5 31. Nf4 c4 32. Rdc6 Rxc6 33. Rxc6 Rxe5 34. Rxc4 h5 35. Rc1 h4 36. Rd1 g6 37. Kf1 Ra5 38. Ke2 Ra2 39. Rd2 Bc2 40. Nd3 Kg7 1/2-1/2

[Event "2nd Serbia Open Masters 2022"]
[Site "Novi Sad"]
[Date "2022.07.05"]
[Round "8.17"]
[White "Harikrishnan.A.Ra"]
[Black "Arjun Kalyan"]
[Result "1/2-1/2"]
[WhiteElo "2396"]
[BlackElo "2477"]
[Annotator "TA"]
[PlyCount "55"]
[EventDate "2022.06.28"]
[EventType "swiss"]
[EventCountry "SRB"]
[SourceTitle "playchess.com"]
[Source "ChessBase"]
[SourceQuality "1"]

1. d4 Nf6 2. c4 e6 3. Nf3 d5 4. Nc3 c6 5. e3 Nbd7 6. Be2 b6 7. O-O Bb7 8. b3 Bd6 9. Bb2 O-O 10. Bd3 c5 11. cxd5 Nxd5 12. Nxd5 Bxd5 13. e4 Bb7 14. d5 exd5 15. exd5 Be7 16. Qc2 h6 17. Rad1 Bf6 18. Bh7+ Kh8 19. Bf5 Bxb2 20. Qxb2 Qf6 21. Qxf6 Nxf6 22. d6 g6 23. Bh3 Nd5 24. Ne5 Nc3 25. Rd2 Ne4 26. Rdd1 Nc3 27. Rd2 Ne4 28. Rdd1 1/2-1/2

[Event "2nd Serbia Open Masters 2022"]
[Site "Novi Sad"]
[Date "2022.07.05"]
[Round "8.18"]
[White "Predke, Alexandr"]
[Black "Padmini, Rout"]
[Result "1-0"]
[WhiteElo "2688"]
[BlackElo "2348"]
[Annotator "TA"]
[PlyCount "129"]
[EventDate "2022.06.28"]
[EventType "swiss"]
[EventCountry "SRB"]
[SourceTitle "playchess.com"]
[Source "ChessBase"]
[SourceQuality "1"]

1. e4 c5 2. Nf3 d6 3. d4 cxd4 4. Nxd4 Nf6 5. Nc3 Nc6 6. Bg5 e6 7. Qd3 a6 8. Nxc6 bxc6 9. O-O-O Be7 10. Qg3 e5 11. Bc4 Be6 12. Bxe6 fxe6 13. Qh3 Qc8 14. f4 O-O 15. fxe5 dxe5 16. Rd3 Bc5 17. Rf1 Ra7 18. Qg3 Nd7 19. Rxf8+ Bxf8 20. Qg4 Qe8 21. h4 c5 22. h5 h6 23. Bh4 c4 24. Rd1 Kh7 25. Qe2 Rc7 26. Rf1 Be7 27. Bxe7 Qxe7 28. Qg4 Kg8 29. Kb1 Nf8 30. Qg3 Nd7 31. a3 Rb7 32. Ka2 Rc7 33. Rd1 Rb7 34. Rd2 Rb6 35. Rf2 Rd6 36. Qe3 Rd4 37. Ne2 Rd1 38. Nc3 Rd4 39. Qg3 Qe8 40. Qg4 Qe7 41. Qg3 Qe8 42. Qh2 Qe7 43. Kb1 Qd6 44. Rf1 Nc5 45. Qh4 Qd7 46. Qg4 Qe7 47. Nd5 exd5 48. Qc8+ Kh7 49. Rf8 Rd1+ 50. Ka2 Qxf8 51. Qxf8 Nxe4 52. Qf5+ Kh8 53. Qc8+ Kh7 54. Qf5+ Kh8 55. Qc8+ Kh7 56. Qxa6 Nf6 57. a4 e4 58. Qe6 d4 59. Qxc4 e3 60. Qe6 Rd2 61. a5 Rxg2 62. a6 Rg5 63. b4 Rg2 64. Qf5+ Kh8 65. a7 1-0

[Event "2nd Serbia Open Masters 2022"]
[Site "Novi Sad"]
[Date "2022.07.05"]
[Round "8.19"]
[White "Ivic, Velimir"]
[Black "Samant Aditya S"]
[Result "1-0"]
[WhiteElo "2623"]
[BlackElo "2433"]
[Annotator "TA"]
[PlyCount "97"]
[EventDate "2022.06.28"]
[EventType "swiss"]
[EventCountry "SRB"]
[SourceTitle "playchess.com"]
[Source "ChessBase"]
[SourceQuality "1"]

1. e4 c5 2. Nf3 d6 3. d4 cxd4 4. Nxd4 Nf6 5. Nc3 Nc6 6. Bc4 e6 7. Be3 a6 8. Qe2 Qc7 9. Nxc6 bxc6 10. g4 h5 11. g5 Ng4 12. Bd2 Ne5 13. Bb3 a5 14. f4 Ba6 15. Qe3 Nc4 16. Bxc4 Bxc4 17. b3 Ba6 18. f5 e5 19. O-O-O Be7 20. Qf3 g6 21. Kb1 O-O 22. f6 Bd8 23. Bc1 Qd7 24. Rd2 Qe6 25. Rhd1 Bc7 26. Na4 Bb5 27. Nc3 Ba6 28. a4 Rfd8 29. Ne2 Rab8 30. Bb2 Bc8 31. Qg3 Ba6 32. Qc3 Bb6 33. Nc1 Rbc8 34. Qg3 Rb8 35. h4 Bc7 36. Qc3 Bb7 37. Ne2 Rbc8 38. Qf3 d5 39. Ng3 Qg4 40. Qxg4 hxg4 41. h5 gxh5 42. Rh2 dxe4 43. Rdh1 Kf8 44. Rxh5 Ke8 45. Nxe4 Bd6 46. g6 fxg6 47. Rh8+ Bf8 48. R1h7 Rd7 49. Nd6+ 1-0

[Event "2nd Serbia Open Masters 2022"]
[Site "Novi Sad"]
[Date "2022.07.05"]
[Round "8.20"]
[White "Jumabayev, Rinat"]
[Black "Gan-Erdene, Sugar"]
[Result "1-0"]
[WhiteElo "2628"]
[BlackElo "2419"]
[Annotator "TA"]
[PlyCount "65"]
[EventDate "2022.06.28"]
[EventType "swiss"]
[EventCountry "SRB"]
[SourceTitle "playchess.com"]
[Source "ChessBase"]
[SourceQuality "1"]

1. d4 Nf6 2. c4 g6 3. Nf3 Bg7 4. g3 O-O 5. Bg2 c6 6. O-O d5 7. b3 dxc4 8. bxc4 c5 9. Bb2 Qb6 10. Qc1 Rd8 11. d5 e6 12. e4 Nxe4 13. Bxg7 Kxg7 14. Nc3 Nf6 15. Rb1 Qa6 16. Nb5 Qa5 17. Qf4 Na6 18. d6 Bd7 19. Ne5 Rab8 20. Rb3 Rf8 21. Rf3 Nh5 22. Qh4 Bc6 23. Ra3 Qd2 24. Bxc6 bxc6 25. Nxc6 Rb6 26. Ne5 Nf6 27. Rf3 g5 28. Qh3 Rxd6 29. Nxd6 Qxd6 30. Ng4 Ng8 31. Qh5 Qd8 32. Rf6 Qd2 33. Rh6 1-0

[Event "2nd Serbia Open Masters 2022"]
[Site "Novi Sad"]
[Date "2022.07.05"]
[Round "8.21"]
[White "Piorun, Kacper"]
[Black "Vignesh N R"]
[Result "0-1"]
[WhiteElo "2635"]
[BlackElo "2427"]
[Annotator "TA"]
[PlyCount "82"]
[EventDate "2022.06.28"]
[EventType "swiss"]
[EventCountry "SRB"]
[SourceTitle "playchess.com"]
[Source "ChessBase"]
[SourceQuality "1"]

1. c4 Nf6 2. Nc3 e5 3. e3 Bb4 4. Nge2 O-O 5. Nd5 Be7 6. Nec3 c6 7. Nxe7+ Qxe7 8. d4 d5 9. cxd5 Nxd5 10. Be2 Rd8 11. O-O Bf5 12. a3 Nf6 13. Re1 Nbd7 14. Qb3 Nb6 15. dxe5 Qxe5 16. f3 Bd3 17. e4 Qc5+ 18. Kh1 Nh5 19. Bxd3 Rxd3 20. Qc2 Rad8 21. Qe2 Qe5 22. Qf2 Nf4 23. Qg3 Ng6 24. Qf2 Nf4 25. Qg3 Ng6 26. Qf2 h5 27. f4 Qf6 28. e5 Qf5 29. Ne4 Nc4 30. b3 Rd1 31. Nf6+ gxf6 32. bxc4 Nxe5 33. Be3 Ng4 34. Qg1 Rxa1 35. Rxa1 Rd3 36. Bxa7 Qxf4 37. Rf1 Qxc4 38. Re1 Qd5 39. Qf1 c5 40. Bb8 Kg7 41. a4 c4 0-1